000
00313 a2200121 4500
001
147062
040
_c
Escola São Tomás de Aquino
100
_a
PARR, Todd
240
1
0
_a
Tudo bem ser diferente
_l
por
245
1
0
_a
Tudo bem ser diferente
697
_a
Problemas de disciplina. Violência estudantil
942
_c
BK
999
_c
147062
_d
147062